[Event "14th Poti Open-A 2019"]
[Site "Poti"]
[Date "2019.07.16"]
[Round "5.22"]
[White "Khukhunaishvili, Tariel"]
[Black "Kukhilava, Gubaz"]
[Result "1-0"]
[WhiteElo "1722"]
[BlackElo "1558"]
[Annotator "NA RC"]
[PlyCount "165"]
[EventDate "2019.07.13"]
[EventType "swiss"]
[EventCountry "GEO"]
[SourceTitle "playchess.com"]
[Source "ChessBase"]
[SourceQuality "1"]
[TimeControl "40/5400+30:1800+30"]

1. Nf3 {[%emt 0:00:49]} d5 {[%emt 0:00:13]} 2. d4 {[%emt 0:00:21]} Nf6 {[%emt 0:00:05]} 3. Bg5 {[%emt 0:00:16]} e6 {[%emt 0:00:01]} 4. e3 {[%emt 0:00:07]} Be7 {[%emt 0:00:07]} 5. Bd3 {[%emt 0:00:17]} Nbd7 {[%emt 0:00:41]} 6. O-O {[%emt 0:00:09]} O-O {[%emt 0:00:04]} 7. Nbd2 {[%emt 0:00:43]} b6 {[%emt 0:02:49]} 8. Ne5 {[%emt 0:00:42]} Nxe5 9. dxe5 {[%emt 0:00:01]} Nd7 {[%emt 0:01:21]} 10. Bxe7 Qxe7 {[%emt 0:00:01]} 11. f4 {[%emt 0:00:27]} Nc5 {[%emt 0:05:55]} 12. Nf3 {[%emt 0:04:48]} Nxd3 {[%emt 0:14:06]} 13. Qxd3 {[%emt 0:03:18]} a5 {[%emt 0:00:22]} 14. Ng5 {[%emt 0:00:39]} f5 {[%emt 0:00:22]} 15. Rf3 {[%emt 0:06:49]} h6 {[%emt 0:09:36]} 16. Nh3 {[%emt 0:00:05]} Bb7 {[%emt 0:00:02]} 17. Nf2 {[%emt 0:03:37]} Qb4 {[%emt 0:10:05]} 18. Rb1 {[%emt 0:09:15]} c5 {[%emt 0:17:51]} 19. a3 {[%emt 0:06:34]} Qa4 {[%emt 0:09:58]} 20. Rg3 {[%emt 0:21:58]} Kh7 {[%emt 0:05:22]} 21. Qd1 {[%emt 0:05:57]} g6 {[%emt 0:00:01]} 22. h4 {[%emt 0:01:36]} h5 {[%emt 0:00:52]} 23. Nh3 {[%emt 0:00:36]} Qc6 {[%emt 0:06:49]} 24. Qf3 {[%emt 0:01:43]} Kh6 {[%emt 0:01:10]} 25. Ng5 {[%emt 0:06:17]} Qd7 {[%emt 0:02:26]} 26. Qf2 {[%emt 0:02:31]} Rfd8 {[%emt 0:04:43]} 27. Rd1 {[%emt 0:00:53]} Qe7 {[%emt 0:00:48]} 28. Rd2 {[%emt 0:02:42]} Rd7 {[%emt 0:01:53]} 29. Rh3 {[%emt 0:02:05]} Rad8 {[%emt 0:01:21]} 30. c3 {[%emt 0:03:46]} Bc6 {[%emt 0:01:35]} 31. Kh2 {[%emt 0:03:23]} a4 {[%emt 0:00:32]} 32. Kg3 {[%emt 0:00:18]} b5 {[%emt 0:00:26]} 33. Rh1 {[%emt 0:00:27]} Kg7 {[%emt 0:01:07]} 34. Rc1 {[%emt 0:00:37]} Rb8 {[%emt 0:01:15]} 35. Rdc2 {[%emt 0:00:35]} c4 {[%emt 0:01:05]} 36. Rd2 {[%emt 0:01:32]} Rbd8 {[%emt 0:00:13]} 37. Kh3 {[%emt 0:00:15]} Rb7 {[%emt 0:00:35]} 38. Rcd1 {[%emt 0:00:22]} Re8 {[%emt 0:00:38]} 39. Qg3 {[%emt 0:01:06]} Kh6 {[%emt 0:00:48]} 40. Nf3 {[%emt 0:02:15]} Rf8 {[%emt 0:00:51]} 41. Nd4 {[%emt 0:30:32]} Bd7 {[%emt 0:30:00]} 42. Rf2 {[%emt 0:00:46]} Rbb8 {[%emt 0:00:15]} 43. Qh2 {[%emt 0:00:32]} Kg7 {[%emt 0:00:41]} 44. Rf3 {[%emt 0:00:23]} Rg8 {[%emt 0:00:21]} 45. Rg3 {[%emt 0:00:14]} Kh6 {[%emt 0:00:18]} 46. Rg5 {[%emt 0:00:21]} Rbf8 {[%emt 0:00:50]} 47. Qg3 {[%emt 0:00:14]} Rd8 {[%emt 0:00:45]} 48. Ne2 {[%emt 0:00:34]} Be8 {[%emt 0:00:22]} 49. Qf3 {[%emt 0:00:56]} Bf7 {[%emt 0:00:37]} 50. Kg3 {[%emt 0:02:00]} Kg7 {[%emt 0:00:34]} 51. Qxh5 {[%emt 0:02:20]} Rh8 {[%emt 0:00:01]} 52. Qf3 {[%emt 0:00:12]} Rdg8 {[%emt 0:00:37]} 53. Rh1 {[%emt 0:00:23]} Kf8 {[%emt 0:00:01]} 54. Kf2 {[%emt 0:00:31]} Qe8 {[%emt 0:02:01]} 55. g4 {[%emt 0:01:51]} Ke7 {[%emt 0:00:07]} 56. gxf5 {[%emt 0:01:01]} gxf5 {[%emt 0:00:43]} 57. Qg2 {[%emt 0:01:19]} Bh5 {[%emt 0:00:56]} 58. Rg7+ {[%emt 0:00:47]} Bf7 {[%emt 0:00:36]} 59. Qg5+ {[%emt 0:00:15]} Kf8 {[%emt 0:00:13]} 60. Rg1 {[%emt 0:00:19]} Rxg7 {[%emt 0:00:03]} 61. Qxg7+ {[%emt 0:00:25]} Ke7 {[%emt 0:00:00]} 62. Qf6+ {[%emt 0:00:19]} Kd7 {[%emt 0:00:13]} 63. Rg7 {[%emt 0:00:18]} Rf8 {[%emt 0:00:09]} 64. Nd4 {[%emt 0:00:20]} Qe7 {[%emt 0:00:13]} 65. Qxe7+ {[%emt 0:00:41]} Kxe7 {[%emt 0:00:02]} 66. Nxb5 {[%emt 0:00:50]} Rg8 {[%emt 0:00:17]} 67. Rxg8 {[%emt 0:00:21]} Bxg8 {[%emt 0:00:01]} 68. Nd6 {[%emt 0:00:32]} Bf7 {[%emt 0:00:33]} 69. Nb5 {[%emt 0:01:21]} Kd7 {[%emt 0:00:40]} 70. Kg3 {[%emt 0:00:27]} Bh5 {[%emt 0:00:23]} 71. Nd4 {[%emt 0:00:13]} Ke7 {[%emt 0:00:05]} 72. Nc2 {[%emt 0:00:11]} Be8 {[%emt 0:01:08]} 73. h5 {[%emt 0:01:23]} Bxh5 {[%emt 0:00:02]} 74. Kh4 {[%emt 0:00:06]} Be8 {[%emt 0:00:39]} 75. Kg5 {[%emt 0:00:06]} Kf7 {[%emt 0:00:40]} 76. Kh6 {[%emt 0:00:10]} Bc6 {[%emt 0:00:31]} 77. Nd4 {[%emt 0:00:07]} Bd7 {[%emt 0:00:04]} 78. Nf3 {[%emt 0:00:07]} Ke7 {[%emt 0:00:32]} 79. Kg7 {[%emt 0:00:09]} Be8 {[%emt 0:00:04]} 80. Nh4 {[%emt 0:00:25]} Bd7 {[%emt 0:01:27]} 81. Ng6+ {[%emt 0:00:14]} Ke8 {[%emt 0:00:42]} 82. Kf6 {[%emt 0:00:09]} Bc8 {[%emt 0:00:04]} 83. Nh8 {[%emt 0:00:17]} 1-0

[Event "14th Poti Open-A 2019"]
[Site "Poti"]
[Date "2019.07.16"]
[Round "5.23"]
[White "Naqopia, Giorgi"]
[Black "Qaloyan, Ishkhan"]
[Result "1-0"]
[WhiteElo "1680"]
[BlackElo "1497"]
[Annotator "NA RC"]
[PlyCount "131"]
[EventDate "2019.07.13"]
[EventType "swiss"]
[EventCountry "GEO"]
[SourceTitle "playchess.com"]
[Source "ChessBase"]
[SourceQuality "1"]
[TimeControl "40/5400+30:1800+30"]

1. e4 {[%emt 0:00:00]} c5 {[%emt 0:00:00]} 2. Nf3 {[%emt 0:00:25]} d6 {[%emt 0:00:00]} 3. c4 {[%emt 0:00:04]} e5 {[%emt 0:00:00]} 4. d3 {[%emt 0:00:04]} Nc6 {[%emt 0:00:00]} 5. g3 {[%emt 0:00:05]} g6 {[%emt 0:00:00]} 6. Bg2 {[%emt 0:00:03]} Bg7 {[%emt 0:00:04]} 7. O-O {[%emt 0:00:06]} Nge7 {[%emt 0:00:19]} 8. Nc3 {[%emt 0:03:52]} O-O {[%emt 0:00:18]} 9. Rb1 {[%emt 0:00:01]} f5 {[%emt 0:04:24]} 10. Nd5 {[%emt 0:01:20]} h6 {[%emt 0:13:47]} 11. a3 {[%emt 0:10:27]} a5 {[%emt 0:10:33]} 12. exf5 gxf5 {[%emt 0:00:34]} 13. Nh4 {[%emt 0:25:37]} Nxd5 {[%emt 0:21:27]} 14. Bxd5+ {[%emt 0:01:02]} Kh7 {[%emt 0:00:19]} 15. f4 {[%emt 0:03:21]} Qe8 {[%emt 0:17:35]} 16. Nf3 {[%emt 0:06:35]} Be6 {[%emt 0:09:49]} 17. fxe5 {[%emt 0:16:39]} dxe5 {[%emt 0:05:13]} 18. Qb3 {[%emt 0:05:17]} Rd8 {[%emt 0:07:44]} 19. Be3 {[%emt 0:01:28]} Bxd5 {[%emt 0:02:20]} 20. cxd5 {[%emt 0:00:18]} Nd4 {[%emt 0:00:26]} 21. Bxd4 {[%emt 0:04:27]} cxd4 {[%emt 0:00:33]} 22. Rbe1 {[%emt 0:03:23]} e4 {[%emt 0:02:49]} 23. Qxb7 {[%emt 0:01:35]} Rf7 {[%emt 0:01:37]} 24. Qb3 {[%emt 0:14:00]} Rb8 {[%emt 0:00:17]} 25. Qc4 {[%emt 0:00:52]} Rc8 {[%emt 0:00:08]} 26. Qa6 {[%emt 0:00:56]} Ra8 {[%emt 0:01:24]} 27. Qe6 {[%emt 0:00:12]} Rf6 {[%emt 0:01:18]} 28. Qxe8 {[%emt 0:00:23]} Rxe8 {[%emt 0:00:01]} 29. Nxd4 {[%emt 0:00:11]} Re5 {[%emt 0:00:54]} 30. dxe4 {[%emt 0:01:04]} fxe4 {[%emt 0:00:21]} 31. Ne6 {[%emt 0:00:55]} Rxf1+ {[%emt 0:00:45]} 32. Kxf1 {[%emt 0:00:02]} Rxd5 33. Nxg7 {[%emt 0:00:07]} Kxg7 {[%emt 0:00:33]} 34. Rxe4 {[%emt 0:00:08]} Rd1+ {[%emt 0:00:20]} 35. Kf2 {[%emt 0:01:01]} Rh1 {[%emt 0:00:59]} 36. Kg2 {[%emt 0:00:05]} Rb1 {[%emt 0:00:05]} 37. Re2 {[%emt 0:00:06]} a4 {[%emt 0:00:17]} 38. Kf3 {[%emt 0:00:05]} Kf6 {[%emt 0:00:22]} 39. Ke4 {[%emt 0:00:09]} Rd1 {[%emt 0:00:19]} 40. Rc2 {[%emt 0:00:07]} Rd6 {[%emt 0:00:21]} 41. Ke3 {[%emt 0:30:30]} Rd5 {[%emt 0:30:43]} 42. Rc4 {[%emt 0:00:42]} Ra5 {[%emt 0:00:13]} 43. h4 {[%emt 0:01:13]} h5 {[%emt 0:00:23]} 44. Rb4 {[%emt 0:00:32]} Ke6 {[%emt 0:00:53]} 45. Rb6+ {[%emt 0:00:16]} Kf5 {[%emt 0:00:10]} 46. Rh6 {[%emt 0:00:06]} Kg4 {[%emt 0:00:33]} 47. Rg6+ {[%emt 0:00:38]} Kh3 {[%emt 0:00:10]} 48. Rg5 {[%emt 0:00:51]} Ra6 {[%emt 0:00:20]} 49. Kf4 {[%emt 0:01:54]} Rf6+ {[%emt 0:00:58]} 50. Rf5 {[%emt 0:00:45]} Rb6 {[%emt 0:01:10]} 51. Rxh5 {[%emt 0:00:08]} Rxb2 {[%emt 0:00:06]} 52. Ra5 {[%emt 0:00:08]} Rb3 {[%emt 0:00:48]} 53. Rxa4 {[%emt 0:00:47]} Rxg3 {[%emt 0:00:11]} 54. Kf5 {[%emt 0:00:12]} Rf3+ {[%emt 0:00:19]} 55. Kg6 {[%emt 0:00:27]} Rg3+ {[%emt 0:00:09]} 56. Kh6 {[%emt 0:00:06]} Rb3 {[%emt 0:00:17]} 57. h5 {[%emt 0:00:49]} Rb6+ {[%emt 0:00:05]} 58. Kg7 {[%emt 0:00:58]} Rb7+ {[%emt 0:00:01]} 59. Kf6 Rb6+ 60. Ke7 {[%emt 0:00:17]} Rh6 {[%emt 0:00:18]} 61. Ra5 {[%emt 0:00:14]} Kg4 {[%emt 0:00:15]} 62. a4 {[%emt 0:00:22]} Kf4 {[%emt 0:00:04]} 63. Kf7 {[%emt 0:00:09]} Rb6 {[%emt 0:00:18]} 64. Rb5 {[%emt 0:01:22]} Ra6 {[%emt 0:00:09]} 65. a5 {[%emt 0:00:02]} Ra7+ {[%emt 0:00:04]} 66. Ke6 1-0

[Event "14th Poti Open-A 2019"]
[Site "Poti"]
[Date "2019.07.16"]
[Round "5.24"]
[White "Petrosyan, Tigran Sur."]
[Black "Mikayelyan, Mikael"]
[Result "1/2-1/2"]
[WhiteElo "1554"]
[BlackElo "1736"]
[Annotator "NA RC"]
[PlyCount "65"]
[EventDate "2019.07.13"]
[EventType "swiss"]
[EventCountry "GEO"]
[SourceTitle "playchess.com"]
[Source "ChessBase"]
[SourceQuality "1"]
[TimeControl "40/5400+30:1800+30"]

1. d4 {[%emt 0:00:00]} d5 {[%emt 0:00:00]} 2. Nf3 {[%emt 0:00:00]} Nf6 {[%emt 0:00:00]} 3. Bf4 {[%emt 0:00:00]} c6 {[%emt 0:00:51]} 4. e3 {[%emt 0:00:48]} Bf5 {[%emt 0:00:19]} 5. Bd3 {[%emt 0:00:17]} Bg6 {[%emt 0:00:38]} 6. O-O {[%emt 0:00:16]} e6 {[%emt 0:00:03]} 7. Qe2 {[%emt 0:01:39]} Nbd7 {[%emt 0:00:27]} 8. Nbd2 {[%emt 0:00:19]} Be7 {[%emt 0:00:16]} 9. h3 {[%emt 0:00:21]} O-O {[%emt 0:00:36]} 10. c4 {[%emt 0:00:52]} c5 {[%emt 0:01:45]} 11. Bxg6 hxg6 {[%emt 0:00:13]} 12. b3 {[%emt 0:07:43]} Rc8 {[%emt 0:03:08]} 13. Rac1 {[%emt 0:01:00]} cxd4 {[%emt 0:00:55]} 14. exd4 {[%emt 0:00:21]} Qa5 {[%emt 0:02:06]} 15. Rc2 {[%emt 0:03:43]} dxc4 {[%emt 0:02:29]} 16. Nxc4 {[%emt 0:05:25]} Qf5 {[%emt 0:00:56]} 17. Bh2 {[%emt 0:04:45]} b5 {[%emt 0:01:42]} 18. Ne3 {[%emt 0:01:10]} Rxc2 {[%emt 0:00:11]} 19. Nxc2 {[%emt 0:00:31]} Qd5 {[%emt 0:01:02]} 20. Ne3 {[%emt 0:01:11]} Qc6 {[%emt 0:00:54]} 21. Rd1 {[%emt 0:02:10]} Rc8 {[%emt 0:01:39]} 22. d5 exd5 {[%emt 0:00:17]} 23. Nd4 {[%emt 0:08:03]} Qc5 {[%emt 0:01:00]} 24. Qxb5 {[%emt 0:02:23]} Nb6 {[%emt 0:02:09]} 25. Qxc5 {[%emt 0:07:37]} Bxc5 {[%emt 0:00:10]} 26. Ndc2 {[%emt 0:00:44]} Ne4 {[%emt 0:04:17]} 27. Be5 {[%emt 0:01:01]} f6 {[%emt 0:03:47]} 28. Bd4 {[%emt 0:00:59]} Bxd4 {[%emt 0:00:25]} 29. Nxd4 {[%emt 0:00:59]} Nc3 {[%emt 0:01:12]} 30. Rd2 {[%emt 0:02:57]} Ne4 {[%emt 0:03:04]} 31. Rd1 {[%emt 0:00:47]} Nc3 {[%emt 0:01:30]} 32. Rd2 {[%emt 0:00:07]} Ne4 {[%emt 0:00:06]} 33. Rd1 {[%emt 0:00:12]} 1/2-1/2

[Event "14th Poti Open-A 2019"]
[Site "Poti"]
[Date "2019.07.17"]
[Round "6.1"]
[White "Gabuzyan, Hovhannes"]
[Black "Sanikidze, Tornike"]
[Result "1-0"]
[WhiteElo "2622"]
[BlackElo "2509"]
[Annotator "TA"]
[PlyCount "101"]
[EventDate "2019.07.13"]
[EventType "swiss"]
[EventCountry "GEO"]
[SourceTitle "playchess.com"]
[Source "ChessBase"]
[SourceQuality "1"]

{[%evp 9,101,2,5,-8,0,0,5,0,0,0,0,0,0,0,0,-33,-31,-27,-23,-35,-32,-26,-31,-25,-16,-38,-38,-37,-35,-45,-19,-19,-21,-24,-12,-15,-12,-16,0,-13,0,0,0,0,0,0,33,0,7,6,5,12,65,-6,-6,-14,0,-14,0,-14,8,8,8,6,8,7,6,6,11,12,32,50,36,12,16,11,24,16,11,14,255,251,318,305,287,206,1765,1656,2570,2180,2297,2085,1839,1653]} 1. e4 e6 2. d4 d5 3. Bd3 Nc6 4. Ne2 Nb4 5. Nbc3 (5. Bb5+ Bd7 6. Bxd7+ Qxd7 7. c3 Nc6 8. e5 f6 9. f4 Nh6 10. Ng3 f5 11. Nd2 Nf7 {½-½ (41) Alekseev,E (2627)-Shaposhnikov,E (2572) Yaroslavl 2018}) 5... Nxd3+ 6. cxd3 $146 {C01: French: Exchange Variation} ({Predecessor:} 6. Qxd3 Nf6 7. e5 Ng8 8. f4 Ne7 9. Be3 Qd7 10. O-O-O Rb8 11. g4 b5 12. Ng3 b4 13. Nce2 Rb6 14. Kb1 Qa4 {½-½ (14) Feduk,V (2150)-Jacimovic,D (2404) Palic 2016}) 6... Nf6 7. Bf4 a6 8. Rc1 {The position is equal.} Be7 9. O-O O-O 10. Na4 c6 11. Ng3 Nd7 12. Re1 b5 13. Nc5 e5 14. Bxe5 Bxc5 $1 15. Rxc5 Nxc5 16. dxc5 dxe4 17. dxe4 Qxd1 18. Rxd1 Be6 19. Bd6 Rfd8 20. a3 a5 21. Ne2 a4 (21... h5 {looks sharper.} 22. Nd4 Rac8 23. f3 Kh7 24. Kf2 a4) 22. Nd4 Bd7 23. f3 Re8 24. Kf2 f6 25. g4 h5 26. gxh5 Kf7 27. Bf4 Ra7 28. Ne2 Rh8 29. Ng3 Be6 30. Rd6 Rc8 (30... b4 $11) 31. Rd4 ({Better is} 31. e5 $1 $14) 31... Rd7 $11 32. Bd6 Rh8 33. Ke3 Rb7 34. Kd2 (34. e5 {keeps more tension.} Bd5 35. exf6 gxf6 36. Kf2 Rd7 37. Rh4) 34... b4 35. Rxb4 Rxb4 36. axb4 {[%mdl 4096] Endgame KRB-KBN} Ra8 37. Ne2 a3 38. bxa3 Rxa3 39. Nd4 Bc4 {With the idea ...Rd3+.} 40. Nxc6 Rxf3 41. e5 Rh3 42. exf6 gxf6 43. Bg3 Rxh5 44. Kc3 Bd5 $2 {[#]} (44... Bf1 $11) 45. Na7 $1 $18 Ke6 46. c6 Rh8 47. b5 {[%cal Bb4b5,Bb5b6][%mdl 32]} Kf5 $2 (47... Ra8) 48. Kd4 {White is clearly winning.} Be4 49. b6 Rd8+ 50. Kc5 Rd5+ 51. Kc4 {Accuracy: White = 63%, Black = 41%.} 1-0

[Event "14th Poti Open-A 2019"]
[Site "Poti"]
[Date "2019.07.17"]
[Round "6.2"]
[White "Babujian, Levon"]
[Black "Pantsulaia, Levan"]
[Result "1-0"]
[WhiteElo "2469"]
[BlackElo "2612"]
[Annotator "TA"]
[PlyCount "49"]
[EventDate "2019.07.13"]
[EventType "swiss"]
[EventCountry "GEO"]
[SourceTitle "playchess.com"]
[Source "ChessBase"]
[SourceQuality "1"]

{[%evp 18,49,56,47,75,67,80,74,81,91,102,95,115,109,91,102,98,91,101,115,161,173,355,341,343,334,287,290,435,433,697,575,542,537]} 1. d4 Nf6 2. c4 c5 3. d5 g6 4. Nc3 Bg7 5. e4 d6 6. Nf3 O-O 7. h3 e6 8. Bd3 exd5 9. exd5 Re8+ 10. Be3 Rxe3+ {E90: King's Indian: Classical: Early deviations and 6 h3} 11. fxe3 Qe7 12. O-O Nbd7 {White is better.} 13. Qd2 Nh5 {[#]} 14. g4 $146 ({Predecessor:} 14. Ne2 Bh6 15. Nf4 Ng3 16. Rfe1 Nf6 17. Kh2 Nge4 18. Qc2 {0-1 (42) Thybo,J (2525)-Berkes,F (2666) Skopje 2019}) 14... Ng3 15. Rf2 {Strongly threatening Kh2.} h5 16. Kg2 h4 17. Ne2 {[%cal Bc3e2,Be2d4,Bd4c6][%mdl 32]} b5 18. cxb5 c4 {[#]} 19. Bc2 $1 (19. Bxc4 $6 Ne4 $11) 19... Rb8 $2 (19... a6) 20. Ned4 $18 (20. Nxg3 hxg3 21. Kxg3 Rxb5 $14) 20... Bb7 21. Nc6 Bxc6 22. dxc6 ({Don't do} 22. bxc6 $6 Nc5 $16) 22... Nc5 (22... Nf6 {was worth a try.} 23. Nxh4 Nge4 24. Bxe4 c3 25. bxc3 Nxe4 26. Nxg6 Qe8) 23. Qd5 {White is clearly winning.} Qxe3 (23... Nge4 $142 24. Bxe4 (24. Qxc4 Nxf2 25. Kxf2 Ne6 $18) 24... Nxe4) 24. Re1 Ne6 25. Qxe6 {Accuracy: White = 97%, Black = 51%.} 1-0

[Event "14th Poti Open-A 2019"]
[Site "Poti"]
[Date "2019.07.17"]
[Round "6.3"]
[White "Paichadze, Luka"]
[Black "Urazayev, Arystanbek"]
[Result "1/2-1/2"]
[WhiteElo "2567"]
[BlackElo "2436"]
[Annotator "TA"]
[PlyCount "180"]
[EventDate "2019.07.13"]
[EventType "swiss"]
[EventCountry "GEO"]
[SourceTitle "playchess.com"]
[Source "ChessBase"]
[SourceQuality "1"]

{[%evp 9,180,-12,-19,-23,-14,-29,-30,-34,-18,-29,-10,-34,-29,-33,-30,-22,-15,-31,-43,-52,-33,-47,-33,-34,0,0,0,0,0,0,0,6,0,0,23,0,0,0,0,0,34,0,0,0,0,0,0,0,0,0,0,0,23,-64,-64,-140,-140,-155,-148,-147,-154,-155,-146,-146,-146,-144,-148,-154,-146,-161,-151,-137,-127,-139,-80,-61,0,0,0,0,0,0,0,0,0,0,0,0,0,0,0,0,0,0,0,0,0,0,0,0,0,0,0,0,0,0,0,0,0,0,0,0,0,0,0,0,0,0,0,0,0,0,0,0,0,0,0,0,0,0,0,0,0,0,0,0,0,0,0,0,0,0,0,0,0,0,0,0,0,0,0,0,0,0,0,0,0,0,0,0,0,0,0,0,0,0,0,0,0,0,0,0,0]} 1. e4 c5 2. b3 g6 (2... Nc6 3. Bb2 e5 4. Nf3 d6 5. Bc4 Be7 6. O-O Nh6 7. c3 O-O 8. d4 Qc7 9. Na3 Kh8 10. Nc2 f5 11. exf5 Nxf5 12. dxe5 dxe5 13. Qe2 Nd6 {½-½ (64) Vachier Lagrave,M (2780)-Maze,S (2596) chess.com INT 2019}) 3. Bb2 Nf6 4. Qf3 d6 5. Bb5+ Nbd7 6. Bxf6 {B20: Sicilian: Unusual White 2nd moves} exf6 7. Qd3 a6 8. Bxd7+ $1 {Black has an edge.} Bxd7 9. Ne2 b5 $146 {[%cal Bb7b5,Bb5b4][%mdl 32]} ({Predecessor:} 9... f5 10. Nbc3 {½-½ (21) Soszynski,M (2126)-Cuccumini,V (2126) ICCF email 2015}) 10. Nbc3 b4 11. Nd5 Bg7 12. O-O O-O 13. a4 f5 14. Rae1 fxe4 15. Qxe4 Re8 16. Qc4 Re5 17. f4 Rh5 18. Ng3 Bd4+ 19. Ne3 $1 Rxh2 20. Kxh2 Qh4+ 21. Kg1 Qxg3 22. Qd5 Re8 23. Qf3 (23. Qxd6 Bf5 $15) 23... Qxf3 24. Rxf3 Bf5 25. Rf2 (25. Kf1 $5 {[%cal Re3f5]} Be4 26. Rg3 $11) 25... Re6 26. Kf1 h5 27. Nxf5 Rxe1+ 28. Kxe1 Bxf2+ 29. Kxf2 gxf5 $11 {[%mdl 4096] Endgame KP-KP} 30. Ke3 Kg7 31. c3 ({White should play} 31. Kd3 $11 Kh6 32. Kc4) 31... h4 $15 32. cxb4 (32. c4 $15) 32... cxb4 $17 33. Kd4 Kg6 34. Kd5 {[#]} Kh5 $1 {[%cal Rh5g4]} 35. Kxd6 Kg4 {Hoping for ...Kg3.} 36. Kc5 Kg3 ({But not} 36... Kxf4 $6 37. d4 $11) 37. d4 Kxg2 38. d5 h3 39. d6 h2 40. d7 h1=Q 41. d8=Q {[#] KQ-KQ} Qc1+ (41... Qg1+ $142 $1 42. Kxb4 Qe1+ 43. Ka3 Qc1+ 44. Kb4 Qxf4+ 45. Ka5 Qe4 46. Qg8+ Kf2 47. Qxf7 f4) 42. Kb6 Qe3+ ({Black should try} 42... Qxf4 $15 43. Kxa6 Qe4 44. Qd2+ Kf1 45. Qc1+ Ke2 46. Qb2+ Kd3) 43. Kxa6 $11 {The position is equal.} Qxb3 44. Kb5 Qc3 {White must now prevent ...b3.} 45. Qd5+ Kg3 {...b3 is the strong threat.} 46. Qc4 $1 Qe3 {Strongly threatening ...b3.} 47. Kxb4 Qb6+ 48. Kc3 Kg4 49. Qd4 Qc6+ 50. Kb4 Qb7+ 51. Kc3 Qf3+ 52. Qd3 {And now Qxf3+ would win.} Qc6+ 53. Qc4 Qb6 54. Kd3 Qd6+ 55. Ke2 Qa3 56. Kd2 Qd6+ 57. Kc2 Qb6 58. Kc1 Qe3+ 59. Kb2 Qb6+ (59... Qxf4 $2 60. Qxf4+ Kxf4 61. a5 $18) 60. Ka3 Qe3+ 61. Kb2 Qb6+ ({Avoid the trap} 61... Qxf4 $2 62. Qxf4+ Kxf4 63. a5 $18) 62. Kc2 Qf2+ 63. Kd1 Qb6 ({Not} 63... Qxf4 $2 64. Qxf4+ Kxf4 65. a5 $18) 64. Kd2 Qd8+ 65. Ke2 Qb6 66. Qb5 Qe6+ 67. Kd1 {aiming for Qe2+.} Qd6+ 68. Kc2 {White wants to play Qe2+.} Qc7+ 69. Kb3 Qxf4 70. Qe2+ Kg5 71. a5 Qb8+ 72. Ka4 Qf4+ 73. Kb3 Qb8+ 74. Ka2 Qb4 75. a6 Qa4+ 76. Kb1 Qb3+ 77. Kc1 Qc3+ 78. Kd1 {Threatens to win with Qd2+.} Qa1+ 79. Kd2 Qa5+ 80. Ke3 f4+ 81. Kf2 Qb6+ 82. Kf1 f3 83. Qe5+ f5 84. Qg3+ Kf6 85. Qh4+ Kg6 86. Qa4 Qe3 {( -> ...Qe2+)} 87. Qa2 f4 88. a7 {Qc2+ would kill now.} Qc1+ 89. Kf2 Qe3+ 90. Kf1 {White wants to mate with Qc2+.} Qc1+ {Accuracy: White = 71%, Black = 74%.} 1/2-1/2

[Event "14th Poti Open-A 2019"]
[Site "Poti"]
[Date "2019.07.17"]
[Round "6.4"]
[White "Tutisani, Noe"]
[Black "Nigalidze, Gaioz"]
[Result "1/2-1/2"]
[WhiteElo "2460"]
[BlackElo "2563"]
[Annotator "TA"]
[PlyCount "31"]
[EventDate "2019.07.13"]
[EventType "swiss"]
[EventCountry "GEO"]
[SourceTitle "playchess.com"]
[Source "ChessBase"]
[SourceQuality "1"]

{[%evp 12,31,22,15,18,-30,-22,-34,-45,-32,0,0,0,0,0,0,0,0,0,0,0,0]} 1. e4 c5 2. Nf3 d6 3. d4 cxd4 4. Nxd4 Nf6 5. Nc3 a6 6. Bg5 Nbd7 7. Bc4 Qb6 {B94: Sicilian Najdorf: 6 Bg5 Nbd7} 8. Qd2 (8. Bb3 e6 9. Qd2 Be7 10. O-O-O Nc5 11. f3 Qc7 12. g4 b5 13. h4 Bd7 14. Kb1 b4 15. Nce2 {0-1 (40) Papp,G (2591)-Navara,D (2733) Slovakia 2019}) 8... Qxb2 9. Rb1 Qa3 {Black is slightly better.} 10. O-O Qa5 11. Nd5 {The position is equal.} Qxd2 12. Nc7+ Kd8 {[#]} 13. Nde6+ $1 {[%mdl 512]} fxe6 14. Nxe6+ Ke8 {[#]} 15. Nc7+ $146 {[%mdl 64] Double Attack} Kd8 16. Ne6+ 1/2-1/2

[Event "14th Poti Open-A 2019"]
[Site "Poti"]
[Date "2019.07.17"]
[Round "6.5"]
[White "Shahinyan, David"]
[Black "Maghalashvili, Davit"]
[Result "0-1"]
[WhiteElo "2445"]
[BlackElo "2485"]
[Annotator "TA"]
[PlyCount "110"]
[EventDate "2019.07.13"]
[EventType "swiss"]
[EventCountry "GEO"]
[SourceTitle "playchess.com"]
[Source "ChessBase"]
[SourceQuality "1"]

{[%evp 9,110,10,8,12,21,22,12,29,20,25,83,68,100,66,132,50,48,53,49,47,41,22,6,16,25,0,14,14,65,0,0,0,50,33,56,45,57,5,22,0,0,-7,-7,-32,-27,-25,-32,-20,-35,-14,-38,-95,-44,-51,-55,-54,-56,-57,-50,-44,-49,-56,-26,-27,-27,-23,-23,-75,-79,-77,-68,-74,-71,-71,-60,-67,-69,-110,-68,-107,-115,-116,-112,-107,-93,-115,-115,-203,-216,-200,-180,-185,-168,-3249,-2052,-1660,-1196,-5129,-5114,-29980,-29980,-29968,-29966]} 1. e4 c5 2. Nc3 Nc6 3. Bb5 Nd4 4. Nf3 Nxb5 5. Nxb5 a6 (5... d6 6. d4 Nf6 7. Qd3 a6 8. Nc3 cxd4 9. Nxd4 e6 10. Bg5 Be7 11. O-O-O Qc7 12. f4 b5 13. a3 O-O 14. h4 {½-½ (31) Safarli,E (2681)-Tabatabaei,M (2590) Bandar e Anzali 2019}) 6. Nc3 {B23: Closed Sicilian: Lines without g3} d6 7. d4 cxd4 8. Qxd4 {The position is equal.} e5 9. Qb4 h6 (9... Rb8 $11 {remains equal.}) 10. Be3 $1 $16 Nf6 11. O-O-O Qd7 $146 (11... Qe7 $14) ({Predecessor:} 11... Qe7 12. Bb6 Be6 13. Qa4+ Bd7 14. Qa5 {1-0 (48) Kadric,D (2542)-Trisha,K (2028) Sarajevo 2019}) 12. Qa5 (12. Bb6 $1 $16) 12... Qe6 $1 $14 13. Nb5 axb5 14. Qxa8 Nxe4 15. Rhe1 {And now Bb6 would win.} Be7 16. Bb6 f5 17. Qa3 O-O 18. Qb3 Kh7 (18... Qxb3 $11 19. axb3 (19. cxb3 Be6 $11) 19... Be6) 19. Qxe6 (19. Kb1 $14) 19... Bxe6 $11 20. a3 Rc8 21. Kb1 Rc6 22. Be3 $1 g5 23. Nd2 ({White should try} 23. Ng1 $14) 23... Nf6 24. f3 Nd5 25. Bg1 b4 26. a4 Ra6 27. Nb3 Rxa4 28. Nc5 dxc5 29. Rxe5 Nf4 {[#] Strongly threatening ...Bf6.} 30. g3 (30. Rxe6 $1 $15 {[%mdl 512]} Nxe6 31. Rd7) 30... Ba2+ (30... Bf6 $17 31. gxf4 Bxe5 32. fxe5 c4) 31. Kc1 $15 Ng6 {[#]} 32. Rxe7+ $1 {[%mdl 512]} Nxe7 33. Rd7 Bd5 {Threatens to win with ...Ra1+.} 34. Bxc5 Kg6 35. Rxe7 {[%mdl 4096] Endgame KRB-KRB} b3 36. cxb3 Ra1+ 37. Kd2 Rh1 38. Re2 (38. Ke3 $11) 38... Bxf3 $17 39. Rf2 Be4 40. b4 Kh5 41. Bf8 Rb1 42. Ke3 Rd1 43. Bg7 Rd3+ 44. Ke2 Rd7 45. Bf8 Rf7 46. Bd6 Kg4 47. Ke3 Rd7 48. Rd2 {[#]} (48. Be5 $17 {was worth a try.}) 48... Kh3 $1 $19 49. b5 Rd8 50. b4 Rd7 51. Bf8 $2 (51. Rd1) 51... Rxd2 52. Kxd2 {[#]} h5 $1 53. Be7 Kxh2 54. Bxg5 Kxg3 55. Ke2 h4 {Accuracy: White = 40%, Black = 70%.} 0-1